Katar czy Bahrajn? - Statystyki

Ogólne statystyki
  • Ten quiz został rozwiązany 14 razy
  • Średni wynik to 12 z 15
Statystyki odpowiedzi
Zagadnienie Odpowiedź % Poprawnych
Stolicą tego państwa jest Manama Bahrajn
100%
Ma większą powierzchnię? Katar
100%
W tym państwie odbyły się Mistrzostwa Świata w Piłce Nożnej 2022 Katar
100%
Jego językiem urzędowym jest Arabski Oba
100%
Religią tego państwa jest Islam Oba
100%
Ma dostęp do Zatoki Perskiej Oba
100%
Jest uważany za bezpieczny kraj Oba
92%
Ma większą populację Katar
83%
W tym państwie jest wydobywana ropa naftowa Oba
75%
Jest monarchią Oba
75%
Graniczy z Arabią Saudyjską Katar
67%
Jest dalej na zachód Bahrajn
58%
Był kolonią brytyjską Oba
58%
Ma na fladze mniej trójkątów Bahrajn
42%
Ma na godle żaglówkę Katar
42%
Nie znaleziono quizów pasujących do podanych kryteriów
Rozkład punktacji
Procent ludzi z każdym wynikiem
Percentyl według liczby udzielonych odpowiedzi
Twoja historia wyników
Nie rozwiązałeś tego quizu